000 00733nam a2200181Ia 4500
008 090124s9999 xx 000 0 und d
082 _b23232
100 _aकेऴकर न. चिं.
245 _a गतगोष्टी अर्थात् माझी जीवन यात्रा
250 _a1
260 _bयशवंत नरसिंह केऴकर
_c1939
300 _a992
600 _aकेऴकर न. चिं.
630 _a गतगोष्टी अर्थात् माझी जीवन यात्रा
700 _aकेऴकर न. चिं.
730 _a गतगोष्टी अर्थात् माझी जीवन यात्रा
942 _cBOOK
999 _c92231
_d92231